| 000 | 01508cad a22002055a 4500 | ||
|---|---|---|---|
| 001 | L137936 | ||
| 008 | 070509e20070411xxk f 000 0 eng d | ||
| 035 | _a(Sirsi) u137936 | ||
| 041 | 0 | _aeng | |
| 050 | 0 | 4 | _a621.31042 $2 18 |
| 110 | 2 |
_aStakeholder Advisory Group on ELF EMFs _95179 |
|
| 245 | 0 | 0 |
_aFirst interim assessment _bpower lines and property, wiring in homes, and electrical equipment in homes _h[electronic resource] |
| 260 |
_aCastle Cary _bR K Partnership Ltd _c2007 |
||
| 520 | _aReports the current state of discussions within the advisory group. It seeks to make recommendations for possible precautionary measures regarding electric and magnetic fields. Contains the consensus views of stakeholder groups. Provides overview of the science and of areas of concern from such fields. Identifies childhood leukaemia as the greatest fear. Assesses the levels of public concern with regards to other potential dangers. Places concerns within the framework of the WHO Precautionary Framework. Considers options for reducing fields from wiring in homes. Discusses issues concerning power lines near property. Presents numerous supporting papers contributing toward the consensus of the stakeholders. | ||
| 590 | _aKA | ||
| 651 | 4 |
_aUnited Kingdom _y |
|
| 690 | _aMANAGEMENT-HEALTH AND SAFETY-PUBLIC HEALTH AND SAFETY | ||
| 856 | 4 | 8 |
_uhttps://www.sagedialogue.org.uk/SAGE%20first%20interim%20assessment%20-%20Main%20Report.pdf _zView the item free of charge at www.sagedialogue.org.uk |
| 942 | _n0 | ||
| 999 |
_c106940 _d106940 |
||